[Event "GER-chT U16"]
[Site "Darmstadt"]
[Date "2022.12.28"]
[Round "3"]
[White "Morgenthaler, Nick"]
[Black "Guenther, Arthur"]
[Result "0-1"]
[WhiteElo "1320"]
[BlackElo "1633"]
[PlyCount "88"]
[EventDate "2022.12.26"]
[EventType "team-swiss"]
[EventRounds "7"]
[EventCountry "GER"]
[SourceTitle "CBM 212 Extra"]
[Source "ChessBase"]
[SourceDate "2023.03.31"]
[SourceVersion "1"]
[SourceVersionDate "2023.03.31"]
[SourceQuality "1"]
[WhiteTeam "Frankenthal"]
[BlackTeam "Weimar"]
[WhiteTeamCountry "GER"]
[BlackTeamCountry "GER"]

1. d4 d5 2. c4 e6 3. Nf3 f5 4. h4 Nf6 5. h5 h6 6. Ne5 Bb4+ 7. Bd2 Bxd2+ 8. Nxd2 0-0 9. e3 Nbd7 10. Ng6 Re8 11. Nf3 Ne4 12. Bd3 b6 13. Qb3 Bb7 14. c5 Rb8 15. cxb6 cxb6 16. Nfe5 Nxe5 17. Nxe5 Rc8 18. f3 Nf6 19. Ng6 Qc7 20. Kf2 Qf7 21. Ne5 Qe7 22. Qa4 Ba8 23. Bb5 Red8 24. a3 Rc7 25. Ke2 Rdc8 26. Rad1 Nh7 27. Rd2 Qg5 28. g4 fxg4 29. Nxg4 Nf6 30. Rg1 Nxg4 31. Rxg4 Qxh5 32. Bd7 Rf8 33. Bxe6+ Kh8 34. Qb4 Qe8 35. Qd6 Re7 36. Bxd5 Bxd5 37. Qxd5 Rxe3+ 38. Kd1 Rexf3 39. Qc4 Rf1+ 40. Kc2 Qd7 41. Qe2 Rc8+ 42. Kd3 Qb5+ 43. Ke3 Re8+ 44. Re4 Qb3+ 0-1

[Event "GER-ch Youth-B"]
[Site "Willingen"]
[Date "2022.06.10"]
[Round "8"]
[White "Von Jan, Lena"]
[Black "Guenther, Arthur"]
[Result "0-1"]
[WhiteElo "1634"]
[BlackElo "1579"]
[PlyCount "108"]
[EventDate "2022.06.04"]
[EventType "swiss"]
[EventRounds "9"]
[EventCountry "GER"]
[SourceTitle "CBM 208 Extra"]
[Source "ChessBase"]
[SourceDate "2022.07.31"]
[SourceVersion "1"]
[SourceVersionDate "2022.07.31"]
[SourceQuality "1"]

1. e4 d5 2. exd5 Qxd5 3. Nc3 Qa5 4. d4 Nf6 5. Bc4 Nc6 6. Nge2 Bg4 7. f3 Bh5 8. Bd2 0-0-0 9. Nd5 Qa4 10. Bb3 Qa6 11. Nb4 Nxb4 12. Bxb4 e5 13. Bxf8 Rhxf8 14. c3 Rfe8 15. Kf2 Bg6 16. Re1 Qb6 17. Kf1 Nd5 18. Qc1 Bd3 19. Bxd5 Rxd5 20. Kg1 Bxe2 21. Rxe2 Red8 22. Kf1 exd4 23. cxd4 Rxd4 24. b3 Qb5 25. Kf2 Qb4 26. Qc2 g6 27. Rc1 Qb6 28. Kf1 Qd6 29. g3 Rd1+ 30. Kg2 Rd2 31. Qe4 Rxe2+ 32. Qxe2 Qd2 33. Re1 Qxe2+ 34. Rxe2 c5 35. Rc2 b6 36. Kf2 Rd4 37. Ke3 Kd7 38. f4 f5 39. a3 Kd6 40. Rc3 b5 41. h3 a5 42. g4 Re4+ 43. Kf3 b4 44. axb4 axb4 45. Rd3+ Rd4 46. Re3 c4 47. bxc4 Rxc4 48. Rd3+ Kc5 49. Ke3 Rc3 50. Rxc3+ bxc3 51. Kd3 Kb4 52. Kc2 Kc4 53. g5 Kd4 54. h4 Ke4 0-1

[Event "GER-ch Youth-B"]
[Site "Willingen"]
[Date "2022.06.06"]
[Round "3"]
[White "Guenther, Arthur"]
[Black "Schotthoefer, Samira"]
[Result "1-0"]
[WhiteElo "1579"]
[BlackElo "1304"]
[PlyCount "38"]
[EventDate "2022.06.04"]
[EventType "swiss"]
[EventRounds "9"]
[EventCountry "GER"]
[SourceTitle "CBM 208 Extra"]
[Source "ChessBase"]
[SourceDate "2022.07.31"]
[SourceVersion "1"]
[SourceVersionDate "2022.07.31"]
[SourceQuality "1"]

1. d4 Nf6 2. Nf3 g6 3. Nc3 Bg7 4. e4 d6 5. Be3 0-0 6. Qd2 Nbd7 7. Bh6 c5 8. h4 cxd4 9. Nxd4 Ne5 10. Bxg7 Kxg7 11. 0-0-0 Bd7 12. f4 Nc6 13. Nxc6 Bxc6 14. Qd4 Qd7 15. Be2 Rad8 16. g4 e5 17. fxe5 dxe5 18. Qxe5 Rfe8 19. Rxd7 Rxe5 1-0

[Event "GER-ch Youth-B"]
[Site "Willingen"]
[Date "2022.06.05"]
[Round "2"]
[White "Frydel, Marcel Karol"]
[Black "Guenther, Arthur"]
[Result "0-1"]
[WhiteElo "1251"]
[BlackElo "1579"]
[PlyCount "76"]
[EventDate "2022.06.04"]
[EventType "swiss"]
[EventRounds "9"]
[EventCountry "GER"]
[SourceTitle "CBM 208 Extra"]
[Source "ChessBase"]
[SourceDate "2022.07.31"]
[SourceVersion "1"]
[SourceVersionDate "2022.07.31"]
[SourceQuality "1"]

1. e4 d5 2. exd5 Qxd5 3. Nc3 Qa5 4. d4 Nf6 5. Bc4 Bg4 6. f3 Bf5 7. Nge2 e6 8. Ng3 Bg6 9. 0-0 Nc6 10. d5 Qc5+ 11. Kh1 Qxc4 12. dxc6 Qxc6 13. Be3 Bb4 14. Bd4 0-0-0 15. f4 Qc4 16. Nce2 c5 17. c3 Ba5 18. b4 cxd4 19. cxd4 Qxb4 20. Rc1+ Kb8 21. Rf3 Rc8 22. Rb3 Rxc1 23. Qxc1 Qe1+ 24. Qxe1 Bxe1 25. Nf1 Nd5 26. Rb1 Bxb1 27. h3 Rc8 28. Kh2 Bd3 29. Neg3 Rc2 30. h4 Nxf4 31. Ne3 Rxa2 32. d5 exd5 33. h5 d4 34. h6 g6 35. Ne2 Rxe2 36. Kg1 Bg3 37. Nf1 Re1 38. Kh1 Rxf1# 0-1

[Event "GER-chT U14"]
[Site "Willingen"]
[Date "2021.06.26"]
[Round "5.6"]
[White "Lerchl, Clemens"]
[Black "Guenther, Arthur"]
[Result "1-0"]
[WhiteElo "1711"]
[BlackElo "1573"]
[PlyCount "59"]
[EventDate "2021.06.23"]
[EventType "team-swiss"]
[EventRounds "7"]
[EventCountry "GER"]
[SourceTitle "EXT 2022"]
[Source "ChessBase"]
[SourceDate "2021.10.06"]
[SourceVersion "1"]
[SourceVersionDate "2021.10.06"]
[SourceQuality "1"]
[WhiteTeam "Vaterstetten Grasbrunn"]
[BlackTeam "Weimar"]
[WhiteTeamCountry "GER"]
[BlackTeamCountry "GER"]

1. e4 d5 2. exd5 Qxd5 3. Nf3 Bg4 4. Be2 Nc6 5. d4 0-0-0 6. c4 Qf5 7. Be3 Bxf3 8. Bxf3 Nxd4 9. Bxd4 Qe6+ 10. Be2 c5 11. 0-0 cxd4 12. Bf3 Qd7 13. Na3 e5 14. c5 f5 15. c6 bxc6 16. Bxc6 Qxc6 17. Rc1 Bc5 18. b4 Rd5 19. Rxc5 Rxc5 20. bxc5 Nf6 21. Qb3 Qd5 22. Qb5 Kc7 23. Rb1 Qc6 24. Qa5+ Kc8 25. Nc4 Rf8 26. Qxa7 Nd7 27. Nxe5 Qc7 28. Qa8+ Nb8 29. Rxb8+ Qxb8 30. Qxb8+ 1-0